Countries Starting with 'G' - Statistics

General Stats
  • This quiz has been taken 185 times
  • The average score is 10 of 11
Answer Stats
Continent Country % Correct
Africa Ghana
96%
Europe Germany
94%
North America Guatemala
94%
South America Guyana
93%
Europe Greece
91%
Africa Guinea
91%
Africa Gabon
88%
Asia Georgia
88%
North America Grenada
87%
Africa Guinea-Bissau
86%
Africa Gambia
85%
No matching quizzes found
Score Distribution
Percent of People with Each Score
Percentile by Number Answered
Your Score History
You have not taken this quiz